000 00380nam a22001697a 4500
003 UA-OsUOA
001 4513
007 ta
008 20050721b un ||||| |||| 00| 0 ukr d
100 _aWerner
700 _aFriederich P.
942 _cBK
040 _aUA-OsUOA
_cUA-OsUOA
_dUA-OsUOA
245 _aAn Outline-History of German Literature.
_bGerman
955 _a2
650 7 _2UDC
999 _c290675
_d290675